<?xml version="1.0" encoding="UTF-8"?>
<record
    xmlns:xsi="http://www.w3.org/2001/XMLSchema-instance"
    xsi:schemaLocation="http://www.loc.gov/MARC21/slim http://www.loc.gov/standards/marcxml/schema/MARC21slim.xsd"
    xmlns="http://www.loc.gov/MARC21/slim">

  <leader>00732nam a22002177a 4500</leader>
  <controlfield tag="005">20150123085223.0</controlfield>
  <controlfield tag="008">      s2011                  000   spa d</controlfield>
  <datafield tag="020" ind1=" " ind2=" ">
    <subfield code="a">9789589909416</subfield>
  </datafield>
  <datafield tag="040" ind1=" " ind2=" ">
    <subfield code="a">CO-BoIAVH</subfield>
    <subfield code="c">CO-BoIAVH</subfield>
  </datafield>
  <datafield tag="041" ind1=" " ind2=" ">
    <subfield code="a">spa</subfield>
  </datafield>
  <datafield tag="082" ind1=" " ind2=" ">
    <subfield code="a">600.8615</subfield>
    <subfield code="b">D542d</subfield>
  </datafield>
  <datafield tag="100" ind1=" " ind2=" ">
    <subfield code="a">D&#xED;az Merlano, Juan Manuel</subfield>
    <subfield code="9">504</subfield>
  </datafield>
  <datafield tag="245" ind1=" " ind2="0">
    <subfield code="a">Diagn&#xF3;stico de las principales pesquer&#xED;as del Pac&#xED;fico colombiano</subfield>
  </datafield>
  <datafield tag="260" ind1=" " ind2=" ">
    <subfield code="a">Bogot&#xE1;, Colombia,.</subfield>
    <subfield code="b">Fundaci&#xF3;n Marviva</subfield>
    <subfield code="c">2011.</subfield>
  </datafield>
  <datafield tag="300" ind1=" " ind2=" ">
    <subfield code="a">242 p.</subfield>
    <subfield code="b">il., mapas.</subfield>
    <subfield code="c">23 cm.</subfield>
  </datafield>
  <datafield tag="504" ind1=" " ind2=" ">
    <subfield code="a">Incluye bibliograf&#xED;a</subfield>
  </datafield>
  <datafield tag="650" ind1=" " ind2=" ">
    <subfield code="a">Recursos Pesqueros</subfield>
    <subfield code="x">Pac&#xED;fico (Colombia)</subfield>
    <subfield code="9">32031</subfield>
  </datafield>
  <datafield tag="700" ind1=" " ind2=" ">
    <subfield code="a">Vieira Betancour, Carlos</subfield>
    <subfield code="e">ed.</subfield>
    <subfield code="9">506</subfield>
  </datafield>
  <datafield tag="700" ind1=" " ind2=" ">
    <subfield code="a">Melo Saldarriaga, Giovanni</subfield>
    <subfield code="e">ed.</subfield>
    <subfield code="9">507</subfield>
  </datafield>
  <datafield tag="942" ind1=" " ind2=" ">
    <subfield code="2">ddc</subfield>
    <subfield code="c">BIBLIOGRAF</subfield>
  </datafield>
  <datafield tag="999" ind1=" " ind2=" ">
    <subfield code="c">7377</subfield>
    <subfield code="d">7377</subfield>
  </datafield>
  <datafield tag="952" ind1=" " ind2=" ">
    <subfield code="0">0</subfield>
    <subfield code="1">0</subfield>
    <subfield code="2">ddc</subfield>
    <subfield code="4">0</subfield>
    <subfield code="7">0</subfield>
    <subfield code="8">GENERAL</subfield>
    <subfield code="I">INV2017</subfield>
    <subfield code="a">Bogota</subfield>
    <subfield code="b">Bogota</subfield>
    <subfield code="d">2013-07-17</subfield>
    <subfield code="e">Instituto</subfield>
    <subfield code="g">39000.00</subfield>
    <subfield code="l">0</subfield>
    <subfield code="o">LB-600.8615 D542d</subfield>
    <subfield code="p">028615</subfield>
    <subfield code="r">2013-07-17 00:00:00</subfield>
    <subfield code="t">Ej. 1</subfield>
    <subfield code="w">2013-07-17</subfield>
    <subfield code="x">Institucional</subfield>
    <subfield code="y">LIBRO</subfield>
  </datafield>
  <datafield tag="952" ind1=" " ind2=" ">
    <subfield code="0">0</subfield>
    <subfield code="1">0</subfield>
    <subfield code="2">ddc</subfield>
    <subfield code="4">0</subfield>
    <subfield code="7">0</subfield>
    <subfield code="8">GENERAL</subfield>
    <subfield code="I">INV2017</subfield>
    <subfield code="a">Venado</subfield>
    <subfield code="b">Venado</subfield>
    <subfield code="d">2014-07-25</subfield>
    <subfield code="e">Instituto</subfield>
    <subfield code="g">39000.00</subfield>
    <subfield code="l">0</subfield>
    <subfield code="o">LB-600.8615 D542d</subfield>
    <subfield code="p">038197</subfield>
    <subfield code="r">2014-07-25 00:00:00</subfield>
    <subfield code="t">Ej. 2</subfield>
    <subfield code="w">2014-07-25</subfield>
    <subfield code="x">Institucional</subfield>
    <subfield code="y">LIBRO</subfield>
  </datafield>
  <datafield tag="952" ind1=" " ind2=" ">
    <subfield code="0">0</subfield>
    <subfield code="1">0</subfield>
    <subfield code="2">ddc</subfield>
    <subfield code="4">0</subfield>
    <subfield code="7">0</subfield>
    <subfield code="8">GENERAL</subfield>
    <subfield code="I">INV2017</subfield>
    <subfield code="a">Bogota</subfield>
    <subfield code="b">Bogota</subfield>
    <subfield code="d">2015-01-23</subfield>
    <subfield code="e">Instituto</subfield>
    <subfield code="g">39000.00</subfield>
    <subfield code="l">0</subfield>
    <subfield code="o">LB-600.8615 D542d</subfield>
    <subfield code="p">038552</subfield>
    <subfield code="r">2015-01-23 00:00:00</subfield>
    <subfield code="t">Ej. 3</subfield>
    <subfield code="w">2015-01-23</subfield>
    <subfield code="x">Institucional</subfield>
    <subfield code="y">LIBRO</subfield>
  </datafield>
</record>
